¿Qué es la Iglesia? / (Record no. 87721)
[ view plain ]
| 000 -LEADER | |
|---|---|
| campo de control de longitud fija | 00540nam a2200193 i 4500 |
| 001 - NÚMERO DE CONTROL | |
| campo de control | 87721 |
| 003 - IDENTIFICADOR DE NÚMERO DE CONTROL | |
| campo de control | ES-MaACL |
| 005 - FECHA Y HORA DE LA ÚLTIMA TRANSACCIÓN | |
| campo de control | 20251011063116.0 |
| 007 - CAMPO FIJO DE DESCRIPCIÓN FÍSICA--INFORMACIÓN GENERAL | |
| campo de control de longitud fija | t| |
| 008 - DATOS DE LONGITUD FIJA--INFORMACIÓN GENERAL | |
| campo de control de longitud fija | 041223s1941 uy ||||1| spa d |
| 100 1# - ENTRADA PRINCIPAL--NOMBRE DE PERSONA | |
| Nombre de persona | Laburu, José Antonio de, |
| Fechas asociadas al nombre | 1887-1972 |
| 9 (RLIN) | 69307 |
| 245 10 - MENCIÓN DEL TÍTULO | |
| Título | ¿Qué es la Iglesia? / |
| Mención de responsabilidad, etc. | José A. de Laburu. |
| 250 ## - MENCION DE EDICION | |
| Mención de edición | 2ª ed. |
| 260 ## - PUBLICACIÓN, DISTRIBUCIÓN, ETC. | |
| Lugar de publicación, distribución, etc. | Montevideo : |
| Nombre del editor, distribuidor, etc. | Mosca, |
| Fecha de publicación, distribución, etc. | 1941. |
| 300 ## - DESCRIPCIÓN FÍSICA | |
| Extensión | 138 p. ; |
| Dimensiones | 20 cm. |
| 610 24 - PUNTO DE ACCESO ADICIONAL DE MATERIA--NOMBRE DE ENTIDAD CORPORATIVA | |
| Nombre de entidad corporativa o nombre de jurisdicción como elemento de entrada | Iglesia Católica |
| 9 (RLIN) | 4639 |
| 852 ## - LOCALIZACIÓN | |
| Ubicación | ES-MaACL |
| Número de control de estantería | B-9780 |
| Sublocalización o colección | R.19469 |
| Estatus retirado | Estado de pérdida | Estado de daño | No para préstamo | Biblioteca de origen | Biblioteca actual | Ubicación en estantería | Fecha de adquisición | Fuente de adquisición | Total de préstamos | Signatura topográfica completa | Código de barras | Visto por última vez | Precio de reemplazo | Tipo de ítem Koha |
|---|---|---|---|---|---|---|---|---|---|---|---|---|---|---|
| Biblioteca del Ateneo de Madrid | Biblioteca del Ateneo de Madrid | Sala Pardo Bazán | 17/01/2008 | B-9780 | 1091640 | 23/02/2023 | 23/02/2023 | Libro impreso |
